The noble scholar, jurist, historian


 His Excellency Dr. Abdul Wahhab bin Ibrahim Abu Sulaiman, may Allah have mercy on him.


 He was born in Umm Al-Qura in the year 1356 AH.

حاشية قرة عيون الأخبار : (Record no. 1111)

MARC details
000 -LEADER
fixed length control field 02021cam a2200325 i 4500
003 - CONTROL NUMBER IDENTIFIER
control field SA-RiAUC
005 - DATE AND TIME OF LATEST TRANSACTION
control field 20241010071222.0
008 - FIXED-LENGTH DATA ELEMENTS--GENERAL INFORMATION
fixed length control field 241007s1966 ua g 000r0 ara c
040 ## - CATALOGING SOURCE
Original cataloging agency SA-MaUQU
Language of cataloging ara
Transcribing agency SA-RiAUC
Description conventions rda
082 04 - DEWEY DECIMAL CLASSIFICATION NUMBER
Classification number 258.1
090 ## - LOCALLY ASSIGNED LC-TYPE CALL NUMBER (OCLC); LOCAL CALL NUMBER (RLIN)
Classification number (OCLC) (R) ; Classification number, CALL (RLIN) (NR) 258.1 ا ب ن ع
100 1# - MAIN ENTRY--PERSONAL NAME
Personal name ابن عابدين، محمد أمين بن عمر،
Dates associated with a name 1198-1252 هجري
Relator term مؤلف.
245 10 - TITLE STATEMENT
Title حاشية قرة عيون الأخبار :
Remainder of title تكملة رد المحتار على الدر المختار شرح تنوير الأبصار في فقه مذهب الإمام أبي حنيفة النعمان /
Statement of responsibility, etc. محمد علاء الدين بن محمد أمين بن عمر بن عبد العزيز بن أحمد بن عبد الرحيم بن عابدين.
264 #1 - PRODUCTION, PUBLICATION, DISTRIBUTION, MANUFACTURE, AND COPYRIGHT NOTICE
Place of production, publication, distribution, manufacture [مكان النشر غير محدد] :
Name of producer, publisher, distributor, manufacturer [الناشر غير محدد]،
Date of production, publication, distribution, manufacture, or copyright notice 1966
264 #3 - PRODUCTION, PUBLICATION, DISTRIBUTION, MANUFACTURE, AND COPYRIGHT NOTICE
Place of production, publication, distribution, manufacture القاهرة :
Name of producer, publisher, distributor, manufacturer مطبعة مصطفى البابي الحلبي وأولاده
300 ## - PHYSICAL DESCRIPTION
Extent مجلدات ؛
Dimensions 28 سم
336 ## - CONTENT TYPE
Content type term نص
Content type code txt
Source rdacontent
Materials specified كتاب
337 ## - MEDIA TYPE
Media type term بدون وسيط
Media type code n
Source rdamedia
338 ## - CARRIER TYPE
Carrier type term مجلد
Carrier type code nc
Source rdacarrier
650 #7 - SUBJECT ADDED ENTRY--TOPICAL TERM
Topical term or geographic name entry element الفقه الحنفي
Source of heading or term aucsh
650 #7 - SUBJECT ADDED ENTRY--TOPICAL TERM
Topical term or geographic name entry element الفقه الإسلامي
General subdivision مذاهب
Source of heading or term aucsh
700 12 - ADDED ENTRY--PERSONAL NAME
Personal name ابن عابدين، محمد أمين بن عمر،
Dates associated with a name 1198-1252 هجري.
Title of a work رد المحتار على الدر المختار شرح تنوير الأبصار.
700 12 - ADDED ENTRY--PERSONAL NAME
Personal name علاء الدين الحصكفي، محمد بن علي بن محمد،
Dates associated with a name 1025-1088 هجري
Title of a work الدر المختار : شرح تنوير الأبصار.
700 12 - ADDED ENTRY--PERSONAL NAME
Personal name الخطيب التمرتاشي، محمد بن عبد الله بن أحمد،
Dates associated with a name 939-1004 هجري
Title of a work تنوير الأبصار وجامع البحار.
740 02 - ADDED ENTRY--UNCONTROLLED RELATED/ANALYTICAL TITLE
Uncontrolled related/analytical title رد المحتار على الدر المختار.
740 22 - ADDED ENTRY--UNCONTROLLED RELATED/ANALYTICAL TITLE
Uncontrolled related/analytical title الدر المختار : شرح تنوير الأبصار.
740 02 - ADDED ENTRY--UNCONTROLLED RELATED/ANALYTICAL TITLE
Uncontrolled related/analytical title تنوير الأبصار وجامع البحار.
942 ## - ADDED ENTRY ELEMENTS (KOHA)
Source of classification or shelving scheme Dewey Decimal Classification
Koha item type Books
Suppress in OPAC No
949 ## - LOCAL PROCESSING INFORMATION (OCLC)
a SA-JeALM
d 241007
u mohamedma123
n 1
Holdings
Withdrawn status Lost status Source of classification or shelving scheme Materials specified (bound volume or other part) Damaged status Not for loan Home library Current library Date acquired Total checkouts Full call number Barcode Date last seen Price effective from Koha item type
    Dewey Decimal Classification الجزء الرابع     DR AbdElwahab Library DR AbdElwahab Library 10/10/2024   258.1 ا ب ن ع 000001542 10/10/2024 10/10/2024 Books
    Dewey Decimal Classification الجزء الثامن     DR AbdElwahab Library DR AbdElwahab Library 10/10/2024   258.1 ا ب ن ع 000001543 10/10/2024 10/10/2024 Books